Normal view
MARC view
Entry Personal Name
001 - CONTROL NUMBER
- control field: 20027
003 - CONTROL NUMBER IDENTIFIER
- control field: OSt
005 - DATE AND TIME OF LATEST TRANSACTION
- control field: 20210105124543.0
008 - FIXED-LENGTH DATA ELEMENTS
- fixed length control field: 210105|| aca||aabn | a|a d
040 ## - CATALOGING SOURCE
- Original cataloging agency: OSt
- Transcribing agency: OSt
100 ## - HEADING--PERSONAL NAME
- Personal name: Dubey, B.R.
670 ## - SOURCE DATA FOUND
- Source citation: Work cat.: (OSt): Dubey, B.R., Shri Guru - tattwa - darshan: my Gurudev, 2002
